Регионална библиотека "Любен Каравелов" - Русе

Изгревът на Бялото братство пее и свири, учи и живее (Запис номер 54281)

MARC детайли
000 -Лидер
Контролно поле с фиксирана дължина 02242nam a2200385 c 4500
003 - Код на организацията, давaща контролен номер
Контролно поле BLK
005 - Дата и час на последна редакция
Контролно поле 20180422101815.0
008 - Елементи от данни с фиксирана дължина
fixed length control field 180408b bul|||||r ||||||| ||bul||
010 ## - Наследен системен номер
LC control number KNG00058229000
020 ## - Международен стандартен номер на книга ISBN
Международен стандартен номер на книга ISBN 954-9915-11-5
-- издат.: Вергилий Кръстев - на том(т. 20)
040 ## - Източник на каталожния запис
Идентификатор на билиотеката - собственик на записа BLK
041 ## - Код за език
Код за езика на текст/звукозапис или на отделно заглавие Български
Код за езика КДБФ Български
080 ## - УДК
Текстов определител УДК Философски мистицизъм. Ранни езотерични школи. Кабала. Теософия. Антропософия. Суфизъм. Еклектизъм. Синкретизъм. Херметизъм. Розенкройцерство. Др. школи
УДК код - определител по УДК 141.33
УДК определител (497.2)(092)(093.3)
УДК - код + определител 141.33(497.2)(092)(093.3)
080 ## - УДК
Текстов определител УДК Религия и наука. Теология и философия. Знание и вяра. Конфликт между църквата и науката Вж и 001;1;291. 1;234; 239
УДК код - определител по УДК 215
УДК определител (497.2)(092)(093.3)
УДК - код + определител 215(497.2)(092)(093.3)
080 ## - УДК
Текстов определител УДК Биографии
УДК код - определител по УДК 929
УДК определител (497.2)
УДК - код + определител 929(497.2)
139 ## - Редно поле
Редна дума Изгревът на Бялото братство пее и свири, учи и живее
Авторски знак Изг - И 39
245 10 - Сведения за заглавието
Заглавие Изгревът на Бялото братство пее и свири, учи и живее
Подзаглавни данни Спомени на съвременници и последователи на всемирния учител Беинса Дуно : Сб. Т. 1 -
Редно поле (дума) събр. и записал Вергилий Николов Кръстев.
Том Т. 20
257 ## - Страна на издаване
Страна на създаване/издаване България
260 ## - Област на издателските данни
-- София
Година на издаване 1993 -
300 ## - Физическа характеристика
Размери/Мащаб 24 см
380 ## - Жанр
Жанр Философия
490 1# - СЕРИИ (Колекции)
Име на серия Библиотека Житен клас
500 ## - Общи забележки
Забележка Офс. изд.
650 #4 - Допълнително описание по предмет – тема
Основно описание – тема или топоним Дъновизъм - България - спомени и документи
9 (RLIN) 251626
653 ## - Ключова дума – ненормативна
Ключова дума дъновизъм
653 ## - Ключова дума – ненормативна
Ключова дума спомени
653 ## - Ключова дума – ненормативна
Ключова дума Бялото братство
700 1# - Други автори (авторска отговорност)
Лично име Кръстев, Вергилий Николов
Автороска отговорност (Описва отношението между автора и произведението) събр. и записал
9 (RLIN) 368999
760 1# - Описание на основната серия
-- - на том(т. 20)
Място на издаване, издател и година Вергилий Кръстев, 2004
Страници - том 1044 с., 40 л. : ил.
Заглавие Т. 20
852 ## - Местоположение
Форматна сигнатура Цб 175715
856 4# - Електронен адрес и достъп
Електронен формат pdf - файл
Път до файла /url/
856 4# - Електронен адрес и достъп
Електронен формат pdf - файл
Път до файла /url/
942 ## - АРТИКУЛИ
Вид на библиотечния материал Книги
Скрит в OPAC Не
944 ## - СЪЗДАВАНЕ И РЕДАКЦИЯ на ЗАПИСА
Създаване/Редакция Създаване
Дата на регистрацията/редакция 09.02.2006
Статус, дата на статуса ф /
Служител, извършил регистрацията/редакцията Людмила_Стоянова
944 ## - СЪЗДАВАНЕ И РЕДАКЦИЯ на ЗАПИСА
Създаване/Редакция Редакция
Дата на регистрацията/редакция 21.02.2014
Статус, дата на статуса ф /
Служител, извършил регистрацията/редакцията
999 ## - СИСТЕМНИ КОНТРОЛНИ НОМЕРА
Koha biblionumber 54281
Koha biblioitemnumber 54281
Наличности
Код за отписване Код за изгубен артикул Код за повреда Коз за рестрикции Код за отдаване Артикулен № Име на библиотеката - собственик Име на библиотеката, в която се намира в момента Статус (Текущо местоположение) Дата на вписване в системата Местоположение - отдел Цена в лева Инвентарен номер Систематично азбучна сигнатура Баркод Номер на екземпляра Цена в евро Служебна бележка Служебен тип на артикула Източник на класификационната схема
  Не е изгубен Не е повреден без рестрикции ползва се в читалня 85578 Регионална библиотека "Любен Каравелов" Русе Регионална библиотека "Любен Каравелов" Русе Хранилище 2006-02-09 Хранилище 0.00 120000700045 Цб 175715 120000700045 1 0.00 Дост: Dp Вид: Д N: 5 Дата: 19.01.2005 Книги  
Изтеглен Не е изгубен Не е повреден без рестрикции заемане за дома 85579 Регионална библиотека "Любен Каравелов" Русе Регионална библиотека "Любен Каравелов" Русе Заемна - подръчен фонд 2014-01-17 Заемна - подръчен фонд 15.00 120000773423 И 14/И 39 120000773423 2 7.67 Дост: DA Вид: А N: 2 Дата: 17.01.2014 Дата инв: 01.02.2018 Бележки инв: П2018 Книги Universal Decimal Classification
Vip Innovations Ltd, Rousse, Bulgaria 2025